000 00304nam a22001457a 4500
008 210303b ||||| |||| 00| 0 eng d
020 _a9781305042476
041 _aeng
080 _22nd
_a004
082 _a004
100 _a28
101 _aSHKI
245 _aCMPTR 2
_cPinard, K.T
942 _2udc
_cBK
999 _c55568
_d55568